[Event "NOR-chT Elite 2425"]
[Site "Norway"]
[Date "2025.02.07"]
[Round "4.56"]
[White "Kreken, Eivind Grunt"]
[Black "Kjoita, Torgeir Jakhelln"]
[Result "1-0"]
[WhiteElo "2285"]
[BlackElo "2073"]
[PlyCount "61"]
[EventDate "2024.10.25"]
[EventType "team-tourn"]
[EventRounds "9"]
[EventCountry "NOR"]
[SourceTitle "CB16_2025"]
[SourceDate "2025.04.16"]
[SourceVersion "1"]
[SourceVersionDate "2025.04.16"]
[SourceQuality "1"]
[WhiteTeam "Nordstrand"]
[BlackTeam "Oslo SK 1911"]
[WhiteTeamCountry "NOR"]
[BlackTeamCountry "NOR"]

1. e4 c5 2. Nf3 Nc6 3. d4 cxd4 4. Nxd4 Nf6 5. Nc3 e5 6. Ndb5 d6 7. Bg5 a6 8. Na3 b5 9. Nab1 b4 10. Nd5 Be6 11. Bc4 Be7 12. Bxf6 Bxf6 13. 0-0 Bg5 14. a3 0-0 15. axb4 Nxb4 16. Nbc3 a5 17. b3 Kh8 18. Nb5 f5 19. Ndc7 Bxc4 20. bxc4 fxe4 21. Ne6 Qf6 22. Nxf8 Rxf8 23. Nxd6 Qg6 24. c5 h6 25. Qe2 e3 26. fxe3 Rf6 27. e4 Nc6 28. c3 Bf4 29. g3 Qg5 30. Kh1 Be3 31. Rxf6 1-0

[Event "NOR-chT Elite 2425"]
[Site "Norway"]
[Date "2024.12.07"]
[Round "2.46"]
[White "Kjoita, Torgeir Jakhelln"]
[Black "David, Edwin"]
[Result "1/2-1/2"]
[WhiteElo "2073"]
[BlackElo "2145"]
[PlyCount "32"]
[EventDate "2024.10.25"]
[EventType "team-tourn"]
[EventRounds "9"]
[EventCountry "NOR"]
[SourceTitle "CB16_2025"]
[SourceDate "2025.04.16"]
[SourceVersion "1"]
[SourceVersionDate "2025.04.16"]
[SourceQuality "1"]
[WhiteTeam "Oslo SK 1911"]
[BlackTeam "Hell"]
[WhiteTeamCountry "NOR"]
[BlackTeamCountry "NOR"]

1. e4 e6 2. d4 d5 3. Nd2 Be7 4. e5 c5 5. Qg4 Kf8 6. dxc5 Nc6 7. Qg3 h5 8. h4 Nh6 9. Bd3 Nb4 10. Ne2 Nxd3+ 11. Qxd3 Nf5 12. Nb3 Nxh4 13. g3 Ng6 14. f4 Bd7 15. Be3 a5 16. g4 a4 1/2-1/2

[Event "EU-Cup 39th"]
[Site "Vrnjacka Banja"]
[Date "2024.10.20"]
[Round "1.3"]
[White "Kurochkin, Victor"]
[Black "Kjoita, Torgeir Jakhelln"]
[Result "1-0"]
[WhiteElo "2362"]
[BlackElo "2055"]
[PlyCount "109"]
[EventDate "2024.10.20"]
[EventType "team-swiss"]
[EventRounds "7"]
[EventCountry "SRB"]
[SourceTitle "CB44_2024"]
[Source "Chessbase"]
[SourceDate "2024.10.30"]
[SourceVersion "1"]
[SourceVersionDate "2024.10.30"]
[SourceQuality "1"]
[WhiteTeam "Perfect"]
[BlackTeam "Oslo 1911"]
[WhiteTeamCountry "MDA"]
[BlackTeamCountry "NOR"]

1. e4 c5 2. Nf3 d6 3. d4 cxd4 4. Qxd4 Nc6 5. Bb5 Bd7 6. Bxc6 bxc6 7. c4 Qb6 8. Qd3 g6 9. Nc3 Bg7 10. 0-0 Nf6 11. b3 0-0 12. Bb2 a5 13. Na4 Qc7 14. e5 Bf5 15. Qe2 Nh5 16. h3 d5 17. cxd5 Nf4 18. Qc4 Nxd5 19. g4 Bc8 20. Nc5 Nb6 21. Qc2 e6 22. Rfe1 Rd8 23. Rac1 Rd5 24. Ne4 Bb7 25. Nd6 c5 26. Nxb7 Qxb7 27. Ng5 Rad8 28. Ne4 Bxe5 29. Bxe5 Rxe5 30. Nf6+ Kg7 31. Rxe5 Kxf6 32. Rxc5 Nd5 33. Qb2+ Ke7 34. Qe5 Rd7 35. g5 Qb4 36. R1c4 Qb6 37. h4 Qa7 38. a3 Qb6 39. b4 axb4 40. axb4 Qb7 41. b5 Nb6 42. Rc7 Qf3 43. Qf6+ Qxf6 44. gxf6+ Kxf6 45. Rxd7 Nxd7 46. Rc6 Ke5 47. Kg2 Kd5 48. Kg3 h5 49. f4 f6 50. Kf3 e5 51. Rc1 Nc5 52. fxe5 fxe5 53. b6 Nd3 54. b7 Nxc1 55. b8Q 1-0

[Event "NOR-chT Club"]
[Site "Drammen"]
[Date "2024.05.12"]
[Round "5.4"]
[White "Kjoita, Torgeir Jakhelln"]
[Black "Ji, Jiabao Eivind"]
[Result "1-0"]
[WhiteElo "2067"]
[BlackElo "1863"]
[PlyCount "103"]
[EventDate "2024.05.09"]
[EventType "team-swiss"]
[EventRounds "6"]
[EventCountry "NOR"]
[SourceTitle "CBM 220 Extra"]
[Source "ChessBase"]
[SourceDate "2024.07.31"]
[SourceVersion "1"]
[SourceVersionDate "2024.07.31"]
[SourceQuality "1"]
[WhiteTeam "Oslo SK 1911"]
[BlackTeam "Hell"]
[WhiteTeamCountry "NOR"]
[BlackTeamCountry "NOR"]

1. d4 d5 2. c4 c6 3. Nf3 Nf6 4. cxd5 cxd5 5. Nc3 Nc6 6. g3 e6 7. Bg2 Bd6 8. 0-0 0-0 9. Bg5 h6 10. Bxf6 Qxf6 11. e4 dxe4 12. Nxe4 Qe7 13. d5 exd5 14. Qxd5 Bc7 15. Rae1 Be6 16. Qh5 Qb4 17. Nf6+ Kh8 18. Ng5 Qa5 19. Nxe6 fxe6 20. Bxc6 bxc6 21. Qxa5 Bxa5 22. Nd7 Bxe1 23. Nxf8 Rxf8 24. Rxe1 Rb8 25. b3 Re8 26. Rd1 Re7 27. Rd8+ Kh7 28. Rc8 Kg6 29. Rxc6 Kf5 30. Kg2 Ke4 31. h4 g6 32. Rc4+ Kd3 33. Rg4 Rg7 34. h5 g5 35. Rc4 e5 36. Rc6 Rh7 37. Rd6+ Ke4 38. f3+ Ke3 39. Re6 Kd4 40. Kh3 Kd5 41. Ra6 Kd4 42. Kg4 Ke3 43. Re6 Kd4 44. b4 Kd5 45. Ra6 e4 46. fxe4+ Kxe4 47. b5 Kd5 48. Kf5 Kc5 49. Kg6 Re7 50. Kxh6 Re3 51. g4 Kxb5 52. Rxa7 1-0

[Event "NOR-chT Club"]
[Site "Drammen"]
[Date "2024.05.11"]
[Round "3.4"]
[White "Kjoita, Torgeir Jakhelln"]
[Black "Wernberg, Nikolai Olsen"]
[Result "1/2-1/2"]
[WhiteElo "2067"]
[BlackElo "1883"]
[PlyCount "72"]
[EventDate "2024.05.09"]
[EventType "team-swiss"]
[EventRounds "6"]
[EventCountry "NOR"]
[SourceTitle "CBM 220 Extra"]
[Source "ChessBase"]
[SourceDate "2024.07.31"]
[SourceVersion "1"]
[SourceVersionDate "2024.07.31"]
[SourceQuality "1"]
[WhiteTeam "Oslo SK 1911"]
[BlackTeam "Tromsoe"]
[WhiteTeamCountry "NOR"]
[BlackTeamCountry "NOR"]

1. Nf3 Nf6 2. d4 d5 3. Bg5 e6 4. e3 c5 5. b3 Be7 6. Nbd2 0-0 7. Bd3 Nc6 8. 0-0 h6 9. Bh4 b6 10. c3 Bb7 11. Rc1 Nd7 12. Bxe7 Qxe7 13. e4 dxe4 14. Nxe4 Rfd8 15. Qe2 cxd4 16. cxd4 Rac8 17. Ba6 Bxa6 18. Qxa6 Rc7 19. Qa4 Rdc8 20. Rfd1 Nb4 21. Ne5 Nd5 22. Nxd7 Qxd7 23. Qxd7 Rxd7 24. Rc2 Rxc2 25. Rf1 Rc1 26. Rxc1 Nf4 27. Rc8+ Kh7 28. Nc3 Rxd4 29. g3 Nd5 30. Nxd5 Rxd5 31. Rc7 a5 32. Rxf7 Kg6 33. Rb7 Rd6 34. Kg2 Kf6 35. h4 h5 36. Kf3 Ke5 1/2-1/2

[Event "NOR-ch Master"]
[Site "Larvik"]
[Date "2019.07.12"]
[Round "8"]
[White "Fossan, Andreas"]
[Black "Kjoita, Torgeir Jakhelln"]
[Result "1-0"]
[WhiteElo "2023"]
[BlackElo "2012"]
[PlyCount "77"]
[EventDate "2019.07.05"]
[EventType "swiss"]
[EventRounds "9"]
[EventCountry "NOR"]
[SourceTitle "EXT 2024"]
[Source "ChessBase"]
[SourceDate "2023.10.10"]
[SourceVersion "1"]
[SourceVersionDate "2023.10.10"]
[SourceQuality "1"]

1. d4 Nf6 2. c4 c5 3. d5 b5 4. Qc2 g6 5. e4 bxc4 6. Bxc4 d6 7. Nf3 Bg7 8. 0-0 0-0 9. h3 a5 10. Re1 Ba6 11. Na3 Nbd7 12. Bg5 Nh5 13. Rad1 Ne5 14. Nxe5 Bxe5 15. Bxa6 Rxa6 16. Nc4 Bd4 17. Be3 Bg7 18. Qe2 Ra7 19. e5 f5 20. Bg5 Qd7 21. exd6 exd6 22. Qe6+ Kh8 23. Nxd6 Bxb2 24. Nc4 Bd4 25. d6 Qxe6 26. Rxe6 Kg8 27. Re7 Rf7 28. Rb1 Nf6 29. Rb8+ Kg7 30. Rxa7 Rxa7 31. Bxf6+ Bxf6 32. Nb6 Kf7 33. d7 Ra6 34. Nd5 Bh4 35. d8Q Bxd8 36. Rxd8 c4 37. Rc8 Rd6 38. Ne3 Rd2 39. a3 1-0

[Event "NOR-ch Mester"]
[Site "Stavanger"]
[Date "2017.07.04"]
[Round "5"]
[White "Pettersen, Joar Gullestad"]
[Black "Kjoita, Torgeir Jakhelln"]
[Result "1/2-1/2"]
[WhiteElo "2080"]
[BlackElo "2037"]
[PlyCount "59"]
[EventDate "2017.07.01"]
[EventType "swiss"]
[EventRounds "9"]
[EventCountry "NOR"]
[SourceTitle "EXT 2018"]
[Source "ChessBase"]
[SourceDate "2017.10.13"]
[SourceVersion "1"]
[SourceVersionDate "2017.10.13"]
[SourceQuality "1"]

1. d4 Nf6 2. c4 c5 3. d5 e6 4. Nc3 exd5 5. cxd5 d6 6. Nf3 g6 7. Bf4 a6 8. a4 Qc7 9. h3 Bg7 10. e3 0-0 11. Be2 Re8 12. Nd2 Nbd7 13. Nc4 Bf8 14. Bf3 Rb8 15. 0-0 b5 16. axb5 axb5 17. Na5 b4 18. Ne2 Ra8 19. Nc4 Ba6 20. Qc2 Bxc4 21. Qxc4 Nb6 22. Qb5 Nbxd5 23. Rxa8 Rxa8 24. Bg3 Ra5 25. Qd3 c4 26. Qc2 c3 27. Qb3 Qc5 28. e4 Nb6 29. bxc3 bxc3 30. Qxc3 1/2-1/2

[Event "NOR-ch Mester"]
[Site "Stavanger"]
[Date "2017.07.03"]
[Round "4"]
[White "Kjoita, Torgeir Jakhelln"]
[Black "Ilyes, Peter"]
[Result "0-1"]
[WhiteElo "2037"]
[BlackElo "2006"]
[PlyCount "120"]
[EventDate "2017.07.01"]
[EventType "swiss"]
[EventRounds "9"]
[EventCountry "NOR"]
[SourceTitle "EXT 2018"]
[Source "ChessBase"]
[SourceDate "2017.10.13"]
[SourceVersion "1"]
[SourceVersionDate "2017.10.13"]
[SourceQuality "1"]

1. Nf3 Nf6 2. g3 g6 3. d4 Bg7 4. Bg2 0-0 5. 0-0 d6 6. c4 Nbd7 7. Nc3 e5 8. e3 Nh5 9. b4 f5 10. dxe5 dxe5 11. Bb2 e4 12. Nd4 Ne5 13. c5 Nd3 14. Qb3+ Kh8 15. Rad1 Nf6 16. Ba1 Qe7 17. a3 a5 18. Rd2 axb4 19. axb4 Qf7 20. Qb1 Qc4 21. Nc2 Rxa1 22. Qxa1 Nd5 23. Qa2 Qxc3 24. Rfd1 N5xb4 25. Nxb4 Nxb4 26. Qa5 Nd5 27. Qa2 c6 28. Rc2 Qe5 29. Qb3 g5 30. Bf1 f4 31. exf4 gxf4 32. Bc4 Be6 33. Qxb7 e3 34. Qxc6 Nb4 35. Qxe6 Qxe6 36. Bxe6 Nxc2 37. Bg4 f3 38. Bxf3 Rxf3 39. fxe3 Nxe3 40. Rc1 Rf8 41. c6 Be5 42. Re1 Bd4 43. Rc1 Kg7 44. h3 Kf6 45. Kf2 Ke5+ 46. Ke2 Nd5 47. Re1 Kd6 48. Kd3 Bc5 49. g4 Kxc6 50. Re6+ Kb5 51. Rh6 Rf7 52. Ke4 Kc4 53. g5 Ne7 54. Ra6 Ng6 55. Ra4+ Kb5 56. Ra8 Rf4+ 57. Kd5 Rf5+ 58. Ke6 Rxg5 59. Rb8+ Bb6 60. Rc8 Rh5 0-1

[Event "NOR-ch Mester"]
[Site "Stavanger"]
[Date "2017.07.03"]
[Round "3"]
[White "Kjolberg, Jens Hjorth"]
[Black "Kjoita, Torgeir Jakhelln"]
[Result "1-0"]
[WhiteElo "2147"]
[BlackElo "2037"]
[PlyCount "103"]
[EventDate "2017.07.01"]
[EventType "swiss"]
[EventRounds "9"]
[EventCountry "NOR"]
[SourceTitle "EXT 2018"]
[Source "ChessBase"]
[SourceDate "2017.10.13"]
[SourceVersion "1"]
[SourceVersionDate "2017.10.13"]
[SourceQuality "1"]

1. d4 Nf6 2. Bf4 g6 3. Nf3 Bg7 4. e3 0-0 5. c4 d6 6. h3 c5 7. Nc3 Qa5 8. Qd2 cxd4 9. exd4 e5 10. Be3 exd4 11. Nxd4 Nc6 12. Nb3 Qe5 13. 0-0-0 Ne4 14. Nxe4 Qxe4 15. Qd5 Qxd5 16. cxd5 Ne5 17. g4 Bd7 18. Nd2 f5 19. f4 Nf7 20. g5 Rfe8 21. Bf2 Rac8+ 22. Kb1 b5 23. Bxa7 Nd8 24. Bg2 Nb7 25. Rhe1 Nc5 26. Bxc5 dxc5 27. Nf3 b4 28. Ne5 Bb5 29. d6 Red8 30. Bd5+ Kf8 31. Be6 Rb8 32. Nf7 c4 33. Nxd8 Rxd8 34. d7 c3 35. b3 Bc6 36. Bd5 Bxd7 37. Kc2 Rc8 38. Be6 Bxe6 39. Rxe6 Ra8 40. a4 bxa3 41. Red6 Ra7 42. Rd7 Ra6 43. Rc7 Ra8 44. b4 h6 45. b5 Rb8 46. b6 Kg8 47. b7 Kh7 48. Rdd7 a2 49. Rxg7+ Kh8 50. gxh6 a1Q 51. Rc8+ Rxc8 52. bxc8Q# 1-0

[Event "NOR-ch Mester"]
[Site "Stavanger"]
[Date "2017.07.02"]
[Round "2"]
[White "Kjoita, Torgeir Jakhelln"]
[Black "Al Tarbosh, Ward"]
[Result "0-1"]
[WhiteElo "2037"]
[BlackElo "2258"]
[PlyCount "59"]
[EventDate "2017.07.01"]
[EventType "swiss"]
[EventRounds "9"]
[EventCountry "NOR"]
[SourceTitle "EXT 2018"]
[Source "ChessBase"]
[SourceDate "2017.10.13"]
[SourceVersion "1"]
[SourceVersionDate "2017.10.13"]
[SourceQuality "1"]

1. e4 e6 2. d4 d5 3. exd5 exd5 4. Nf3 Bg4 5. Bd3 Bd6 6. 0-0 Nc6 7. c3 Qd7 8. b4 Nge7 9. a4 0-0 10. Nbd2 Ng6 11. Qc2 Nf4 12. Bxh7+ Kh8 13. b5 Na5 14. Bd3 Rae8 15. Re1 Nxg2 16. Re5 Bxe5 17. Nxe5 Ne1 18. Qb1 Qe6 19. Ba3 Nxd3 20. Qxd3 Rg8 21. Re1 Bh5 22. Re3 g6 23. Kh1 Qf6 24. Bb4 Nc4 25. Ndxc4 dxc4 26. Qxc4 Qxf2 27. Rg3 Rxe5 28. dxe5 Rd8 29. Bd6 cxd6 30. Qh4 0-1

[Event "NOR-ch U20"]
[Site "Tromsoe"]
[Date "2016.07.10"]
[Round "2"]
[White "Dahl, Trygve"]
[Black "Kjoita, Torgeir Jakhelln"]
[Result "0-1"]
[WhiteElo "2233"]
[BlackElo "2001"]
[PlyCount "96"]
[EventDate "2016.07.09"]
[EventType "swiss"]
[EventRounds "9"]
[EventCountry "NOR"]
[SourceTitle "EXT 2024"]
[Source "ChessBase"]
[SourceDate "2023.10.10"]
[SourceVersion "1"]
[SourceVersionDate "2023.10.10"]
[SourceQuality "1"]

1. e4 e5 2. Nf3 Nc6 3. Nc3 Nf6 4. Bb5 Nd4 5. Nxd4 exd4 6. Nd5 Nxd5 7. exd5 Qg5 8. Qf3 Bc5 9. 0-0 0-0 10. d3 Qg6 11. h4 d6 12. h5 Qf5 13. Qxf5 Bxf5 14. f3 Rad8 15. g4 Bc8 16. Bd2 f5 17. Bg5 a6 18. Bxd8 Rxd8 19. Bc4 b5 20. Bb3 fxg4 21. f4 Bb4 22. a4 Re8 23. axb5 Bd2 24. Kg2 axb5 25. Ra8 Kf7 26. c3 dxc3 27. bxc3 Bxc3 28. Bd1 b4 29. Ba4 Re2+ 30. Rf2 Rxf2+ 31. Kxf2 Bb7 32. Ra5 g6 33. h6 Kf6 34. Ke3 g3 35. Bb3 Bc8 36. Kf3 Be1 37. Ra1 Bf2 38. Rc1 Bf5 39. Bc4 g5 40. fxg5+ Kxg5 41. Bb5 b3 42. Rb1 Bg4+ 43. Kg2 Kf4 44. d4 Bf3+ 45. Kf1 Bxd4 46. Rxb3 g2+ 47. Ke1 g1Q+ 48. Kd2 Qd1# 0-1

[Event "NOR-ch U20"]
[Site "Oslo"]
[Date "2015.07.10"]
[Round "8"]
[White "Rodsmoen, Maud"]
[Black "Kjoita, Torgeir Jakhelln"]
[Result "1/2-1/2"]
[WhiteElo "1826"]
[BlackElo "2000"]
[PlyCount "114"]
[EventDate "2015.07.04"]
[EventType "swiss"]
[EventRounds "9"]
[EventCountry "NOR"]
[SourceTitle "EXT 2017"]
[Source "ChessBase"]
[SourceDate "2016.10.25"]
[SourceVersion "1"]
[SourceVersionDate "2016.10.25"]
[SourceQuality "1"]

1. e4 e5 2. Nf3 Nc6 3. Bb5 a6 4. Ba4 Nf6 5. 0-0 b5 6. Bb3 d6 7. Ng5 d5 8. exd5 Nd4 9. Re1 Bd6 10. c4 bxc4 11. Bxc4 0-0 12. d3 Bb7 13. Nc3 Nd7 14. Nf3 f5 15. Nxd4 exd4 16. Ne2 Nb6 17. Bf4 Kh8 18. Bxd6 Qxd6 19. Nxd4 Nxd5 20. Nf3 Rad8 21. Bxd5 Qxd5 22. d4 Qb5 23. Rc1 Qxb2 24. Rxc7 Bxf3 25. Qxf3 Qxd4 26. h3 Rd7 27. Qxf5 Rdd8 28. Rf7 Rxf7 29. Qxf7 h6 30. Kh2 Qd6+ 31. Kh1 Kh7 32. Qf5+ Kh8 33. Qf7 Kh7 34. Re7 Qd4 35. Kh2 a5 36. Qf5+ Kh8 37. Qe5 Qxe5+ 38. Rxe5 Rd2 39. Rxa5 Rxf2 40. Kg3 Rc2 41. Kf3 Kh7 42. Ra6 h5 43. a4 g6 44. Re6 Ra2 45. Re4 Kh6 46. h4 Ra3+ 47. Kf4 Ra2 48. g3 Rf2+ 49. Ke3 Rg2 50. Kf3 Ra2 51. Rd4 Ra1 52. Ke3 Rg1 53. Rd3 Ra1 54. Rd4 Rg1 55. Kf4 Rf1+ 56. Ke3 Re1+ 57. Kf2 Ra1 1/2-1/2

[Event "NOR-ch U20"]
[Site "Oslo"]
[Date "2015.07.06"]
[Round "3"]
[White "Machlik, Monika"]
[Black "Kjoita, Torgeir Jakhelln"]
[Result "1/2-1/2"]
[WhiteElo "2042"]
[BlackElo "2000"]
[PlyCount "158"]
[EventDate "2015.07.04"]
[EventType "swiss"]
[EventRounds "9"]
[EventCountry "NOR"]
[SourceTitle "EXT 2017"]
[Source "ChessBase"]
[SourceDate "2016.10.25"]
[SourceVersion "1"]
[SourceVersionDate "2016.10.25"]
[SourceQuality "1"]

1. d4 Nf6 2. c4 c5 3. d5 e6 4. Nc3 exd5 5. cxd5 d6 6. e4 g6 7. f4 Qe7 8. Nf3 Bg4 9. Bb5+ Nbd7 10. 0-0 0-0-0 11. Qa4 Kb8 12. e5 Ne8 13. exd6 Nxd6 14. Re1 Qf6 15. Ne5 Nb6 16. Qa5 h5 17. Be3 Bh6 18. Rf1 Ndc8 19. Ne4 Qf5 20. Ng3 Qf6 21. Ne4 Qf5 22. Nxc5 Rxd5 23. Bd3 Qf6 24. Rae1 Bf5 25. Qc3 Bg7 26. Be2 Bg4 27. Bd3 Bf5 28. Bf2 Bg4 29. Bc4 Nxc4 30. Qxc4 Rhd8 31. Qb4 Nb6 32. Ne4 Qe6 33. Ng5 Qd6 34. Qxd6+ R8xd6 35. Ngxf7 Rf6 36. h3 Bc8 37. Rd1 Rf5 38. Nd6 Rf6 39. Ne4 Re6 40. Ng5 Re7 41. Ngf3 Ra5 42. Bxb6 axb6 43. a3 g5 44. Nxg5 Bxe5 45. fxe5 Raxe5 46. Nf3 Rb5 47. Rd2 Rg7 48. Kh2 Bd7 49. Re1 Rf5 50. Re5 Rxe5 51. Nxe5 Bc6 52. Rf2 Bd5 53. Rd2 Bc6 54. g4 Kc7 55. Kg3 b5 56. Rf2 Bd5 57. Kh4 Kd6 58. Nd3 Bc4 59. Nf4 hxg4 60. hxg4 Ke5 61. Nh5 Rh7 62. Kg5 Rh8 63. Nf6 Kd4 64. Kg6 Ke3 65. Rg2 Kf3 66. Rd2 Ke3 67. Rd7 Rh2 68. Rxb7 Rxb2 69. g5 Ra2 70. Ra7 Kf4 71. Nh5+ Kg4 72. Nf6+ Kf4 73. Ra5 Rg2 74. Nh5+ Kg4 75. Nf6+ Kh4 76. Nh7 Bd3+ 77. Kg7 Bxh7 78. Kxh7 Rxg5 79. Kh6 Rg3 1/2-1/2

[Event "NOR-ch U20"]
[Site "Oslo"]
[Date "2015.07.05"]
[Round "2"]
[White "Kjoita, Torgeir Jakhelln"]
[Black "Unhjem, Bjorn Robert Lovoll"]
[Result "1-0"]
[WhiteElo "2000"]
[BlackElo "1361"]
[PlyCount "53"]
[EventDate "2015.07.04"]
[EventType "swiss"]
[EventRounds "9"]
[EventCountry "NOR"]
[SourceTitle "EXT 2017"]
[Source "ChessBase"]
[SourceDate "2016.10.25"]
[SourceVersion "1"]
[SourceVersionDate "2016.10.25"]
[SourceQuality "1"]

1. e4 c5 2. Nf3 d6 3. d4 cxd4 4. Nxd4 Nf6 5. Nc3 g6 6. Bc4 Bg7 7. f3 0-0 8. Be3 Nc6 9. Qd2 Bd7 10. h4 h5 11. 0-0-0 Rc8 12. Bb3 Na5 13. g4 Nxb3+ 14. axb3 hxg4 15. h5 Nxh5 16. fxg4 Ng3 17. Rhg1 Rxc3 18. Rxg3 Rxe3 19. Qxe3 Be5 20. Rg2 Qb6 21. Kb1 Rc8 22. c3 a5 23. Qh3 a4 24. Rh1 axb3 25. Qh7+ Kf8 26. Rf2 Be8 27. Ne6# 1-0

[Event "Wch U18"]
[Site "Durban"]
[Date "2014.09.26"]
[Round "8"]
[White "Kjoita, Torgeir Jakhelln"]
[Black "Visakh, Narayanan Rajeswari"]
[Result "1/2-1/2"]
[WhiteElo "2010"]
[BlackElo "2300"]
[PlyCount "45"]
[EventDate "2014.09.20"]
[EventType "swiss"]
[EventRounds "11"]
[EventCountry "RSA"]
[SourceTitle "CBM 162 Extra"]
[Source "ChessBase"]
[SourceDate "2014.10.17"]
[SourceVersion "1"]
[SourceVersionDate "2014.10.17"]
[SourceQuality "1"]

1. e4 c5 2. Nf3 d6 3. d4 cxd4 4. Nxd4 Nf6 5. Nc3 a6 6. Bg5 e6 7. f4 Qc7 8. Qd2 Nbd7 9. 0-0-0 Be7 10. g3 b5 11. Bg2 Bb7 12. Rhe1 h6 13. Bh4 Nb6 14. e5 dxe5 15. fxe5 Nfd5 16. Bxe7 Qxe7 17. Nf5 exf5 18. Nxd5 Nxd5 19. Bxd5 Rd8 20. e6 fxe6 21. Rxe6 Qxe6 22. Bxe6 Rxd2 23. Rxd2 1/2-1/2

[Event "EU-ch U18 23rd"]
[Site "Budva"]
[Date "2013.10.08"]
[Round "9"]
[White "Kjoita, Torgeir Jakhelln"]
[Black "Petrusic, Toni"]
[Result "0-1"]
[WhiteElo "1936"]
[BlackElo "2289"]
[PlyCount "66"]
[EventDate "2013.09.29"]
[EventType "swiss"]
[EventRounds "9"]
[EventCountry "MNE"]
[SourceTitle "CBM 156 Extra"]
[Source "ChessBase"]
[SourceDate "2013.10.22"]
[SourceVersion "1"]
[SourceVersionDate "2013.10.22"]
[SourceQuality "1"]

1. e4 e6 2. d4 d5 3. Nc3 Bb4 4. e5 Ne7 5. Nf3 c5 6. a3 Bxc3+ 7. bxc3 Qa5 8. Bd2 Nbc6 9. Qb1 c4 10. h4 Bd7 11. h5 h6 12. Rh4 0-0-0 13. Rg4 Nf5 14. Nh4 Nce7 15. Qb4 Qxb4 16. axb4 a6 17. Nxf5 Nxf5 18. Be2 Rdf8 19. Rf4 f6 20. g4 fxe5 21. dxe5 Nh4 22. Kf1 Bc6 23. Ra5 Kd7 24. Kg1 Rxf4 25. Bxf4 Rf8 26. Be3 Nf3+ 27. Bxf3 Rxf3 28. Kf1 d4 29. cxd4 Rh3 30. d5 Bxd5 31. b5 Bf3 32. Ke1 c3 33. bxa6 Rh1# 0-1

[Event "EU-ch U18 23rd"]
[Site "Budva"]
[Date "2013.10.06"]
[Round "7"]
[White "Kjoita, Torgeir Jakhelln"]
[Black "Duff, Rufus"]
[Result "1-0"]
[WhiteElo "1936"]
[BlackElo "2171"]
[PlyCount "47"]
[EventDate "2013.09.29"]
[EventType "swiss"]
[EventRounds "9"]
[EventCountry "MNE"]
[SourceTitle "CBM 156 Extra"]
[Source "ChessBase"]
[SourceDate "2013.10.22"]
[SourceVersion "1"]
[SourceVersionDate "2013.10.22"]
[SourceQuality "1"]

1. e4 e5 2. Nf3 Nc6 3. d4 exd4 4. Nxd4 Bc5 5. Be3 Qf6 6. Nb5 Bxe3 7. fxe3 Qh4+ 8. g3 Qd8 9. Qg4 g6 10. Qf4 d6 11. Bc4 Ne5 12. Nd2 Ne7 13. Qh6 Nxc4 14. Nxc4 Be6 15. Qg7 Rg8 16. Qc3 Nc6 17. 0-0-0 Qe7 18. Na5 Nxa5 19. Nxc7+ Kd7 20. Qxa5 Qd8 21. Rxd6+ Kxd6 22. Rd1+ Kc6 23. Qc3+ Kb6 24. Nxa8+ 1-0

[Event "EU-ch U18 23rd"]
[Site "Budva"]
[Date "2013.09.30"]
[Round "2"]
[White "Mejak, Severin"]
[Black "Kjoita, Torgeir Jakhelln"]
[Result "1-0"]
[WhiteElo "2079"]
[BlackElo "1936"]
[PlyCount "38"]
[EventDate "2013.09.29"]
[EventType "swiss"]
[EventRounds "9"]
[EventCountry "MNE"]
[SourceTitle "CBM 156 Extra"]
[Source "ChessBase"]
[SourceDate "2013.10.22"]
[SourceVersion "1"]
[SourceVersionDate "2013.10.22"]
[SourceQuality "1"]

1. d4 Nf6 2. c4 c5 3. d5 b5 4. cxb5 a6 5. g3 d6 6. e4 g6 7. Na3 Bg7 8. Ne2 0-0 9. Nc3 axb5 10. Naxb5 Ba6 11. Be2 Qb6 12. Be3 Bxb5 13. Nxb5 Na6 14. 0-0 Rfb8 15. Qd2 Rb7 16. Rab1 Nd7 17. Rfe1 Nc7 18. Nxc7 Qxc7 19. b3 Ra3 1-0

[Event "NOR-ch U20"]
[Site "Lillehammer"]
[Date "2013.07.02"]
[Round "5"]
[White "Kjoita, Torgeir Jakhelln"]
[Black "Kjoita, Henning Jakhelln"]
[Result "1/2-1/2"]
[WhiteElo "1911"]
[BlackElo "2032"]
[PlyCount "35"]
[EventDate "2013.06.29"]
[EventType "swiss"]
[EventRounds "9"]
[EventCountry "NOR"]
[SourceTitle "EXT 2014"]
[Source "ChessBase"]
[SourceDate "2013.11.20"]
[SourceVersion "1"]
[SourceVersionDate "2013.11.20"]
[SourceQuality "1"]

1. Nf3 d5 2. d4 Nf6 3. c4 c6 4. Nc3 g6 5. e3 Bg7 6. Qb3 0-0 7. Be2 dxc4 8. Bxc4 Nbd7 9. Ng5 Qe8 10. 0-0 e5 11. d5 cxd5 12. Nxd5 Nxd5 13. Bxd5 h6 14. Ne4 Nb6 15. Nd6 Qd7 16. Nxc8 Nxd5 17. Qxd5 Qxc8 18. e4 1/2-1/2

[Event "NOR-ch U20"]
[Site "Lillehammer"]
[Date "2013.07.01"]
[Round "4"]
[White "Nordstrom, Hakon N"]
[Black "Kjoita, Torgeir Jakhelln"]
[Result "0-1"]
[WhiteElo "1830"]
[BlackElo "1911"]
[PlyCount "38"]
[EventDate "2013.06.29"]
[EventType "swiss"]
[EventRounds "9"]
[EventCountry "NOR"]
[SourceTitle "EXT 2014"]
[Source "ChessBase"]
[SourceDate "2013.11.20"]
[SourceVersion "1"]
[SourceVersionDate "2013.11.20"]
[SourceQuality "1"]

1. d4 Nf6 2. Bg5 e6 3. e4 h6 4. Bxf6 Qxf6 5. Nf3 c5 6. Nc3 cxd4 7. Qxd4 Qxd4 8. Nxd4 a6 9. 0-0-0 Nc6 10. g3 Bc5 11. Nxc6 bxc6 12. f4 d5 13. exd5 cxd5 14. Bg2 Rb8 15. f5 0-0 16. Rhe1 d4 17. Ne4 Bb4 18. Re2 exf5 19. Rxd4 fxe4 0-1

[Event "NOR-ch U20"]
[Site "Lillehammer"]
[Date "2013.06.29"]
[Round "2"]
[White "Machlik, Jon"]
[Black "Kjoita, Torgeir Jakhelln"]
[Result "1/2-1/2"]
[WhiteElo "1839"]
[BlackElo "1939"]
[PlyCount "121"]
[EventDate "2013.06.29"]
[EventType "swiss"]
[EventRounds "9"]
[EventCountry "NOR"]
[SourceTitle "EXT 2017"]
[Source "ChessBase"]
[SourceDate "2016.10.25"]
[SourceVersion "1"]
[SourceVersionDate "2016.10.25"]
[SourceQuality "1"]

1. e4 e5 2. Nf3 Nc6 3. Bb5 a6 4. Ba4 Bc5 5. 0-0 b5 6. Bb3 d6 7. c3 Bg4 8. h3 Bh5 9. d3 Nf6 10. Bg5 Qd7 11. a4 b4 12. Nbd2 bxc3 13. bxc3 h6 14. Bxf6 gxf6 15. Bd5 Rg8 16. Kh2 Rb8 17. Rb1 Rxb1 18. Qxb1 Ne7 19. Bc4 Ng6 20. Qb8+ Qd8 21. Qxd8+ Kxd8 22. Bxf7 Rg7 23. Bc4 Bxf3 24. Nxf3 a5 25. g3 Ne7 26. d4 Bb6 27. Kg2 Nc6 28. d5 Nb8 29. Bb5 Nd7 30. Bxd7 Kxd7 31. Nh4 c6 32. c4 cxd5 33. cxd5 Bc5 34. f4 exf4 35. Rxf4 Rf7 36. Nf5 Rf8 37. Rh4 Rb8 38. Rxh6 Rb4 39. Kf3 Rxa4 40. Rxf6 Ra1 41. e5 dxe5 42. h4 a4 43. h5 a3 44. Kg4 Rh1 45. Ra6 e4 46. h6 e3 47. Nxe3 Bxe3 48. Rxa3 Bxh6 49. Ra7+ Kd6 50. Rh7 Kxd5 51. Kf5 Rf1+ 52. Kg4 Be3 53. Rh5+ Ke6 54. Ra5 Bd4 55. Ra6+ Kd5 56. Ra8 Ke4 57. Ra4 Rf8 58. Kh4 Rh8+ 59. Kg4 Rg8+ 60. Kh3 Kf3 61. Rxd4 1/2-1/2